Functional schools for young children / (Record no. 34305)
[ view plain ]
| 000 -LEADER | |
|---|---|
| fixed length control field | 00893cam a22002411i 4500 |
| 001 - CONTROL NUMBER | |
| control field | hew61000070 |
| 003 - CONTROL NUMBER IDENTIFIER | |
| control field | DLC |
| 005 - DATE AND TIME OF LATEST TRANSACTION | |
| control field | 20260227111511.0 |
| 008 - FIXED-LENGTH DATA ELEMENTS--GENERAL INFORMATION | |
| fixed length control field | 780530s1961 dcua f000 0 eng c |
| 010 ## - LIBRARY OF CONGRESS CONTROL NUMBER | |
| LC control number | hew61000070 |
| 035 ## - SYSTEM CONTROL NUMBER | |
| System control number | (OCoLC)3936602 |
| 040 ## - CATALOGING SOURCE | |
| Original cataloging agency | U. S. Dept. of Health, Education, and Welfare. Library |
| Transcribing agency | DNIE |
| Modifying agency | OCoLC |
| -- | DLC |
| 042 ## - AUTHENTICATION CODE | |
| Authentication code | premarc |
| 050 00 - LIBRARY OF CONGRESS CALL NUMBER | |
| Classification number | LB3209 |
| Item number | .T28 |
| 100 1# - MAIN ENTRY--PERSONAL NAME | |
| Personal name | Taylor, James L. |
| 245 10 - TITLE STATEMENT | |
| Title | Functional schools for young children / |
| Statement of responsibility, etc. | [by] James L. Taylor, Lillian L. Gore [and] Hazel F. Gabbard. |
| 260 ## - PUBLICATION, DISTRIBUTION, ETC. | |
| Place of publication, distribution, etc. | [Washington] : |
| Name of publisher, distributor, etc. | U.S. Dept. of Health, Education, and Welfare, Office of Education, |
| Date of publication, distribution, etc. | [1961] |
| 300 ## - PHYSICAL DESCRIPTION | |
| Extent | viii, 81 p. : |
| Other physical details | ill., tables. |
| 410 10 - SERIES STATEMENT/ADDED ENTRY--CORPORATE NAME [OBSOLETE, CAN/MARC], [LOCAL, USA] | |
| Corporate name or jurisdiction name as entry element | United States. |
| Subordinate unit | Office of Education. |
| Title of a work | Special publication ; |
| Volume number/sequential designation | no. 8 |
| 500 ## - GENERAL NOTE | |
| General note | "OE-21006." |
| 504 ## - BIBLIOGRAPHY, ETC. NOTE | |
| Bibliography, etc. note | "Selected references: p. 71-75." |
| 650 #0 - SUBJECT ADDED ENTRY--TOPICAL TERM | |
| Topical term or geographic name entry element | School buildings |
| Geographic subdivision | United States. |
No items available.